000 00612nam a22001817a 4500
999 _c58141
_d58141
005 20230116121225.0
008 210629c2020 eng||||| |||| 00| 0 eng d
041 _aeng
245 _aInternational Journal of American Linguistics /
_cEditor : Вavid Beck, Fernando Zuniga.
260 _aChicago,
_c2020.
300 _aV.
_b23 cm.
653 _aლინგვისტიკა
653 _aპერიოდიკა
653 _aЛингвистика
700 _aBeck, Вavid
_eრედაქტორი
_912146
700 _aZuniga, Fernando
_eრედაქტორი
_912147
942 _2udc
_cCR